Statistiques concernant Tous les États des États-Unis classés par le périmètre

Cliquez ici pour prendre le quiz!

Statistiques générales

  • Ce quiz a été pris 250 fois
  • Le résultat moyen est 16 sur 50

Statistiques - réponses

LettreTotal (km)État% Correct
A57 038Alaska
96%
F14 316Floride
87%
T9 879Texas
80%
C7 389Californie
76%
L13 787Louisiane
72%
V7 257Virginie
55%
W6 516Washington
51%
G5 292Géorgie
45%
M6 966Michigan
44%
O3 976Oregon
44%
C7 019Caroline du Nord
43%
V629Vermont
41%
R784Rhode Island
40%
D848Delaware
34%
K2 062Kansas
33%
W2 490Wisconsin
33%
W2 023Wyoming
33%
N5 914New York
32%
U1 968Utah
31%
I2 588Idaho
30%
M6 836Maine
30%
H1 693Hawaï
29%
K1 883Kentucky
29%
O1 928Ohio
28%
D1 976Dakota du Sud
26%
C5 532Caroline du Sud
25%
C1 332Connecticut
25%
A2 519Alabama
23%
I1 640Iowa
23%
N998New Hampshire
23%
T1 920Tennessee
23%
D1 765Dakota du Nord
22%
I1 862Illinois
22%
P1 723Pennsylvanie 
22%
O2 326Oklahoma
21%
V1 603Virginie-Occidentale
21%
I1 487Indiana
20%
A1 872Arkansas
19%
N3 295New Jersey
19%
A2 285Arizona
18%
C2 096Colorado
17%
M6 368Maryland
17%
M2 847Montana
17%
N2 317Nevada
14%
N2 374Nouveau-Mexique
14%
M2 482Mississippi
13%
M2 970Massachusetts
12%
M2 266Missouri
12%
N2 044Nebraska
11%
M2 435Minnesota
10%

Distribution des résultats

Percentile par nombre de réponses

% des personnes avec chaque résultat

Votre développement - résultats

Vous n’avez pas pris ce quiz